00591 2200193 4500001002100000005001500021035002000036007000300056008004100059020001800100082001000118084001600128100002000144245005700164260004200221300004300263520007300306600001800379INLIS00000000000073220221012044143 a0010-1022000036ta221012 b 0 ind  a602-17-5537-5 a398.2 a398.2 TIR c0 aTira Ikranegara1 aCerita Rakyat Nusantara keong mas /cTira Ikranegara aJakarta :bPustaka Sandro Jaya,c2016 a96 Halaman :bIlustrasi, ;c20 x 14 cm aMendongeng memiliki banyak manfaat positif untuk tumbuh kembang anak 4aCerita Rakyat